عرض عادي عرض مارك
  • المحاسبة الإدارية

دخول Topical Term

عدد التسجيلات المستخدمة: 2

001 - CONTROL NUMBER

  • control field: 7348

003 - CONTROL NUMBER IDENTIFIER

  • control field: AE-AdECS

005 - DATE AND TIME OF LATEST TRANSACTION

  • control field: 20241025082336.0

008 - FIXED-LENGTH DATA ELEMENTS

  • fixed length control field: 241025|| aca||aabn | a|a d

040 ## - CATALOGING SOURCE

  • Original cataloging agency: AE-AdECS
  • Transcribing agency: AE-AdECS

150 ## - HEADING--TOPICAL TERM

  • Topical term or geographic name entry element: المحاسبة الإدارية

670 ## - SOURCE DATA FOUND

  • Source citation: Work cat.: (AE-AdECS)285409: ظاهر، أحمد حسن، مؤلف. 1766405, المحاسبة الإدارية /

أبوظبي، الإمارات العربية المتحدة

reference@ecssr.ae

97124044780 +

حقوق النشر © 2026 مركز الإمارات للدراسات والبحوث الاستراتيجية جميع الحقوق محفوظة